La fábula mística : siglos XVI-XVII /

Enregistré dans:
Détails bibliographiques
Auteur principal: Certeau, Michel de (autor)
Autres auteurs: López Moctezuma, Jorge (traducción) (traducción), Flores Ortiz, Roberto (revisión técnica de la traducción) (revisión técnica de la traducción), Giard, Luce (revisión técnica de la traducción) (revisión técnica de la traducción)
Format: Livre
Langue:espagnol
Publié: México : Universidad Iberoamericana, Plantel Santa Fe, Departamento de Historia, 1994, c1994
Collection:(El Oficio de la Historia)
Tags: Ajouter un tag
Pas de tags, Soyez le premier à ajouter un tag!

MARC

LEADER 00000nam^a2200000^a^4500
001 000613037
005 20251015000000.0
009 20260310133615.292
020 |a 968-859-121-1 
025 |a Donación Juan Lafarga Corona, 1 ejemplar 
037 |a Acervo Xavier Clavigero 
041 |a ESP 
091 |a FLC. 00182 
100 |a Certeau, Michel de  |e (autor) 
245 1 3 |a La fábula mística :  |b siglos XVI-XVII / 
264 4 |a México :  |b Universidad Iberoamericana, Plantel Santa Fe, Departamento de Historia,  |c 1994, c1994 
300 |a 353 p. 
336 |a texto  |b txt  |2 rdacontenido 
337 |a sin mediación  |b n  |2 rdamedio 
338 |a volumen  |b nc  |2 rdasoporte 
440 4 |a (El Oficio de la Historia) 
500 |a Traducción de: Le fable mystique. XVIe-XVIIe siècle 
561 |a Ex libris de la Biblioteca Dr. Juan Lafarga Corona 
561 |a Ex libris del INIDH Instituto Nacional de Investigación en Desarrollo Humano 
649 |a XX 
700 |a López Moctezuma, Jorge  |e (traducción) 
700 |a Flores Ortiz, Roberto  |e (revisión técnica de la traducción) 
700 |a Giard, Luce  |e (revisión técnica de la traducción) 
910 |a Fondo Juan Lafarga Corona S.J. 
920 |a Impresos - Libros 
930 |a Fondos Especiales 
905 |a 145 
901 |a 613037-10  |b IT2  |c ESL  |i D  |u 20250521 
902 |a https://opac.biblio.iteso.mx/vufind/Record/000613037